Statistics for ⭐️ Name the celebrity ⭐️

Click here to take the quiz!

General Stats

  • This quiz has been taken 79 times
  • The average score is 10 of 16

Answer Stats

Answer% Correct
Miley Cyrus
89%
Billie Eilish
88%
Morgan Freeman
88%
Adam Sandler
82%
Mark Zuckerberg
78%
Anne Hathaway
73%
Oprah Winfrey
73%
Rowan Atkinson
73%
Paul Rudd
68%
Kylian Mbappé
59%
Keira Knightley
47%
Bryan Cranston
37%
Jessica Chastain
34%
Lucy Liu
34%
Daniel Day-Lewis
18%
Aziz Ansari
16%

Score Distribution

Percentile by Number Answered

Percent of People with Each Score

Your Score History

You have not taken this quiz